[Event "SV Mülheim-Nord 2 - SV Dinslaken 1"]
[Site "Oberliga NRW 2013/2014"]
[Date "2014.03.09"]
[Round "7.7"]
[White "Cebulla, Konstantin"]
[Black "Winkels, Marcel"]
[Result "1/2-1/2"]
[WhiteElo "2031"]
[BlackElo "1938"]
[Annotator "Doe,John"]
[PlyCount "106"]
[EventDate "2014.??.??"]
[WhiteTeam "SV Dinslaken 1"]
[BlackTeam "SV Mülheim-Nord 2"]

1. d4 Nf6 2. c4 c5 3. d5 e6 4. Nc3 exd5 5. cxd5 d6 6. Nf3 g6 7. g3 Bg7 8. Nd2
Nbd7 9. Nc4 Nb6 10. Ne3 Bd7 11. a4 a6 12. h3 Rb8 13. a5 Nc8 14. Bg2 O-O 15. O-O
Re8 16. Nc4 Bb5 17. Qb3 Bxc4 18. Qxc4 Qd7 19. e4 Na7 20. Kh2 Nb5 21. Be3 $11
Re7 22. Rad1 Rbe8 23. Bg5 h6 24. Bxf6 Bxf6 25. f4 Nxc3 26. bxc3 Qb5 27. Qxb5
axb5 28. Rb1 Bxc3 29. Rxb5 Ra8 30. Rfb1 Ra7 31. e5 Bb4 32. Rb6 Ra6 33. Rxa6
bxa6 34. exd6 Rd7 35. Rd1 Rxd6 36. Rc1 Kf8 37. g4 Rf6 38. Rc4 Ke7 39. Kg3 Kd6
40. Rc1 Kd7 41. Rc4 $11 Bxa5 42. Rxc5 Bc7 43. Rc6 Rxc6 44. dxc6+ Kd6 45. Bf1 a5
46. g5 hxg5 47. fxg5 Kc5+ 48. Kg4 a4 49. Bd3 Kb4 50. Be4 Kc4 51. Bb1 Kb3 52.
Be4 Kc4 53. Bb1 Kb3 1/2-1/2

[Event "SV Mülheim-Nord 2 - SV Dinslaken 1"]
[Site "Oberliga NRW 2013/2014"]
[Date "2014.03.09"]
[Round "7.8"]
[White "Voß, Gunther"]
[Black "Stillger, Bernhard"]
[Result "1-0"]
[WhiteElo "2080"]
[BlackElo "2195"]
[PlyCount "91"]
[EventDate "2014.??.??"]
[WhiteTeam "SV Mülheim-Nord 2"]
[BlackTeam "SV Dinslaken 1"]

1. e4 e6 2. d4 d5 3. Nc3 Nf6 4. e5 Nfd7 5. f4 c5 6. Nf3 Nc6 7. Be3 a6 8. Qd2 b5
9. a3 Qa5 10. Ra2 Qb6 11. Ne2 b4 12. axb4 Nxb4 13. Ra1 Nc6 14. Rb1 Bb7 15. dxc5
Bxc5 16. Ned4 O-O 17. Be2 f6 18. exf6 Nxf6 19. b4 Ne4 20. Qd3 Bxb4+ 21. Kf1
Nxd4 22. Bxd4 Qa5 23. c3 Nxc3 24. Bxc3 Bxc3 25. Rxb7 Rxf4 26. g3 Rff8 27. Kg2
Bf6 28. Bd1 Rac8 29. Re1 Rc6 30. Bc2 g6 31. Re2 Rf7 32. Rxf7 Kxf7 33. Qe3 Qc7
34. Ba4 Rb6 35. Ng5+ Bxg5 36. Qxg5 Kg7 37. h4 d4 38. h5 Qb7+ 39. Kh2 Rb2 40.
h6+ Kf7 41. Qf4+ Ke7 42. Qg5+ Kf7 43. Bc2 Qb5 44. Rf2+ Ke8 45. Qxb5+ Rxb5 46.
Ba4 1-0

[Event "SV Erkenschwick 1 - SG Solingen 2"]
[Site "Oberliga NRW 2013/2014"]
[Date "2014.03.09"]
[Round "7.1"]
[White "Krieg, Nikolaj"]
[Black "Willemze, Thomas"]
[Result "0-1"]
[WhiteElo "2342"]
[BlackElo "2398"]
[Annotator "Doe,John"]
[PlyCount "114"]
[EventDate "2014.??.??"]
[WhiteTeam "SG Solingen 2"]
[BlackTeam "SV Erkenschwick 1"]

1. d4 Nf6 2. Nf3 c5 3. c4 cxd4 4. Nxd4 e5 5. Nb5 d5 6. cxd5 Bc5 7. e3 O-O 8.
Be2 Nxd5 9. O-O a6 10. N5c3 Nf6 11. b3 $11 Nc6 12. Bb2 Bf5 13. Nd2 Qe7 14. a3
Rfd8 15. Qc1 Rac8 16. Rd1 Ba7 17. Re1 e4 18. Rd1 Ne5 19. Qb1 Neg4 20. Nf1 Bg6
21. Rxd8+ Rxd8 22. Qc2 Ne5 23. Rd1 Nd3 24. Ng3 h5 25. Ngxe4 Nxe4 26. Rxd3 Nxf2
27. Nd5 Qf8 28. Ne7+ Qxe7 29. Rxd8+ Qxd8 30. Qc3 Nh3+ 31. Kf1 f6 32. gxh3 Qd7
33. Qc4+ Bf7 34. Qf4 Qxh3+ 35. Kf2 Bd5 36. Bf1 Qe6 37. Bc4 Bxc4 38. bxc4 Bc5
39. Bd4 Bd6 40. Qf3 Qxc4 41. Qxb7 Bxa3 42. Qd7 Qc2+ 43. Kg3 Kh7 44. h3 Bb4 45.
Kf3 Be1 46. Qe6 a5 47. Qb6 Qf2+ 48. Ke4 Qg2+ 49. Kd3 Qxh3 50. Ke2 Bb4 51. e4
Qg2+ 52. Ke3 Qd2+ 53. Kf3 Qd1+ 54. Ke3 Qd2+ 55. Kf3 Qd3+ 56. Kf4 Bd2+ 57. Kf5
Qh3# 0-1

[Event "SV Erkenschwick 1 - SG Solingen 2"]
[Site "Oberliga NRW 2013/2014"]
[Date "2014.03.09"]
[Round "7.2"]
[White "Erwich, Marc"]
[Black "Michalczak, Thomas"]
[Result "0-1"]
[WhiteElo "2364"]
[BlackElo "2316"]
[PlyCount "68"]
[EventDate "2014.??.??"]
[WhiteTeam "SV Erkenschwick 1"]
[BlackTeam "SG Solingen 2"]

1. e4 e5 2. Nf3 Nc6 3. Bb5 a6 4. Ba4 Nf6 5. O-O Be7 6. Re1 b5 7. Bb3 O-O 8. c3
d5 9. exd5 Nxd5 10. Nxe5 Nxe5 11. Rxe5 c6 12. d4 Bd6 13. Re2 Qh4 14. g3 Qh5 15.
Nd2 Bf5 16. f3 Rae8 17. Qe1 Re6 18. Rxe6 fxe6 19. a4 Rf6 20. Ne4 Bxe4 21. fxe4
Nf4 22. Bxf4 Bxf4 23. Bd1 Qh3 24. Bf3 Bxg3 25. Qxg3 Rg6 26. Kf2 Rxg3 27. hxg3
Qh2+ 28. Bg2 Qh6 29. Ke2 Qg5 30. e5 Qxg3 31. Bxc6 Qh2+ 32. Kd3 Qxb2 33. Re1 b4
34. cxb4 Qb3+ 0-1

[Event "SV Erkenschwick 1 - SG Solingen 2"]
[Site "Oberliga NRW 2013/2014"]
[Date "2014.03.09"]
[Round "7.4"]
[White "Erwich, Frank"]
[Black "Gupta, Milon"]
[Result "1-0"]
[WhiteElo "2290"]
[BlackElo "2236"]
[PlyCount "85"]
[EventDate "2014.??.??"]
[WhiteTeam "SV Erkenschwick 1"]
[BlackTeam "SG Solingen 2"]

1. e4 e5 2. Nf3 Nc6 3. Bb5 a6 4. Ba4 Nf6 5. d3 d6 6. c4 Be7 7. O-O O-O 8. h3
Bd7 9. Be3 Nb8 10. Nc3 Bxa4 11. Qxa4 Nbd7 12. d4 c6 13. Qc2 b5 14. Ne2 Qb8 15.
Ng3 g6 16. Rac1 Rc8 17. Qd2 c5 18. dxe5 dxe5 19. Bh6 Nf8 20. Qc3 N8d7 21. Rfd1
b4 22. Qe3 Bf8 23. Bxf8 Kxf8 24. Qh6+ Ke7 25. Nh4 Rc6 26. Rd3 Qf8 27. Qd2 Ke8
28. Rd1 Qe7 29. Nhf5 gxf5 30. Nxf5 Qd8 31. Qg5 Qc7 32. Qg7 Nf8 33. Rd6 N6d7 34.
Qg8 Rxd6 35. Nxd6+ Kd8 36. Nb5 Kc8 37. Nxc7 Kxc7 38. Qxf7 Rb8 39. f4 exf4 40.
e5 Kb6 41. e6 Ne5 42. Rd6+ Nc6 43. e7 1-0

[Event "SV Erkenschwick 1 - SG Solingen 2"]
[Site "Oberliga NRW 2013/2014"]
[Date "2014.03.09"]
[Round "7.5"]
[White "Hubert, Ralf"]
[Black "Homs, Guust"]
[Result "1/2-1/2"]
[WhiteElo "2242"]
[BlackElo "2174"]
[PlyCount "43"]
[EventDate "2014.??.??"]
[WhiteTeam "SG Solingen 2"]
[BlackTeam "SV Erkenschwick 1"]

1. d4 d5 2. c4 e6 3. Nc3 Nf6 4. Bg5 Be7 5. e3 Nbd7 6. Nf3 O-O 7. Rc1 a6 8. Bd3
dxc4 9. Bxc4 b5 10. Bd3 Bb7 11. O-O c5 12. Qe2 Rc8 13. Rfd1 cxd4 14. exd4 g6
15. h4 Nd5 16. Nxd5 Bxg5 17. Rxc8 Qxc8 18. Nxg5 Bxd5 19. h5 Qd8 20. Qe3 Qf6 21.
Rc1 e5 22. dxe5 1/2-1/2

[Event "SV Erkenschwick 1 - SG Solingen 2"]
[Site "Oberliga NRW 2013/2014"]
[Date "2014.03.09"]
[Round "7.6"]
[White "Krings, Christoph"]
[Black "Schlecht, Daniel"]
[Result "0-1"]
[WhiteElo "2105"]
[BlackElo "2290"]
[Annotator "Doe,John"]
[PlyCount "62"]
[EventDate "2014.??.??"]
[WhiteTeam "SV Erkenschwick 1"]
[BlackTeam "SG Solingen 2"]

1. d4 d5 2. Nf3 Nf6 3. c4 c6 4. cxd5 cxd5 5. Nc3 Nc6 6. g3 Bf5 7. Bg2 e6 8. O-O
Bd6 9. Qb3 Qe7 10. Bg5 O-O 11. e3 Rfc8 12. Nb5 Bb8 13. Rfc1 a6 14. Qa4 Bd3 15.
Nc3 Bd6 16. Qd1 Bg6 17. Nh4 Qd8 18. Nxg6 hxg6 19. e4 dxe4 20. Nxe4 Be7 21. Nc5
Rab8 22. Nxb7 Rxb7 23. Rxc6 $11 Rxc6 24. Bxc6 Rxb2 25. Qa4 Ng4 26. Bxe7 Qxe7
27. Rf1 Qf6 28. f3 Qg5 29. f4 Qf5 30. Qd1 Rxh2 31. Bf3 Ne3 0-1

[Event "SV Erkenschwick 1 - SG Solingen 2"]
[Site "Oberliga NRW 2013/2014"]
[Date "2014.03.09"]
[Round "7.7"]
[White "Blasek, Ralph"]
[Black "Eggenstein, Frank"]
[Result "1-0"]
[WhiteElo "2138"]
[BlackElo "1921"]
[PlyCount "113"]
[EventDate "2014.??.??"]
[WhiteTeam "SG Solingen 2"]
[BlackTeam "SV Erkenschwick 1"]

1. e4 e6 2. d4 d5 3. e5 c5 4. c3 Nc6 5. Nf3 Bd7 6. a3 f6 7. b4 cxd4 8. cxd4 Rc8
9. Bb2 Nh6 10. Bd3 Nf7 11. Nbd2 Be7 12. exf6 Bxf6 13. O-O O-O 14. Rc1 e5 15.
dxe5 Ncxe5 16. Nxe5 Rxc1 17. Bxh7+ Kxh7 18. Qh5+ Nh6 19. Rxc1 Be8 20. Qd1 Qd6
21. Ndf3 Bh5 22. Qd3+ Kg8 23. Bd4 Re8 24. Re1 b6 25. h3 Bxf3 26. Nxf3 Rxe1+ 27.
Nxe1 Qe6 28. Nf3 Nf5 29. Bxf6 gxf6 30. b5 Kg7 31. a4 Nd6 32. Qc3 Nc4 33. Nd4
Qe5 34. f4 Qe4 35. Qg3+ Kf7 36. Nc6 d4 37. f5 Ne5 38. Qb3+ Kg7 39. Ne7 Nf7 40.
Qg3+ Kf8 41. Ng6+ Kg7 42. Ne5+ Kf8 43. Nxf7 Kxf7 44. Qg6+ Ke7 45. Qg7+ Ke8 46.
Qg8+ Ke7 47. Qe6+ Qxe6 48. fxe6 Kxe6 49. Kf2 Ke5 50. g3 Ke4 51. Ke2 d3+ 52. Kd2
f5 53. h4 f4 54. gxf4 Kxf4 55. Kxd3 Kg4 56. Kd4 Kxh4 57. Kd5 1-0

[Event "SV Erkenschwick 1 - SG Solingen 2"]
[Site "Oberliga NRW 2013/2014"]
[Date "2014.03.09"]
[Round "7.8"]
[White "Strozewski, Frank"]
[Black "Schockenbaeumer, Dirk"]
[Result "0-1"]
[WhiteElo "1956"]
[BlackElo "2058"]
[Annotator "Doe,John"]
[PlyCount "224"]
[EventDate "2014.??.??"]
[WhiteTeam "SV Erkenschwick 1"]
[BlackTeam "SG Solingen 2"]

1. c4 Nf6 2. d4 g6 3. Nc3 d5 4. Bf4 Bg7 5. e3 O-O 6. Nf3 c5 7. dxc5 Qa5 8. Qa4
Qxc5 9. b4 Qc6 10. Nd4 Qxa4 11. Nxa4 Nc6 12. Nxc6 bxc6 13. Be5 Bf5 14. Rc1 Nd7
15. Bxg7 Kxg7 16. Be2 Nb6 17. Nb2 dxc4 18. Nxc4 Nxc4 19. Bxc4 Rfb8 20. Bb3 $11
Rxb4 21. f3 Rd8 22. Ke2 Be6 23. Rc3 Bxb3 24. axb3 Rdb8 25. Ra1 Rxb3 26. Rxc6
Rb2+ 27. Kd3 Rd8+ 28. Ke4 Rd7 29. g4 Rxh2 30. Rca6 Rb2 31. Rxa7 Rb4+ 32. Ke5
Rd3 33. R1a3 Rb5+ 34. Ke4 Rxa3 35. Rxa3 Rb4+ 36. Ke5 h5 37. gxh5 Rb5+ 38. Kf4
Rxh5 39. e4 f6 40. Ra7 Kf7 41. Kg4 Re5 42. Rb7 Rg5+ 43. Kf4 Rh5 44. Rc7 Ke6 45.
Rc6+ Kd7 46. Rb6 Rc5 47. Ra6 Rc6 48. Ra7+ Ke6 49. Ra5 Rc7 50. Ra6+ Kf7 51. Rb6
Rc5 52. Rb7 Re5 53. Ra7 g5+ 54. Kg4 Rb5 55. Kg3 Rb1 56. Rc7 Rg1+ 57. Kf2 Rd1
58. Kg3 Ke6 59. Ra7 Rd7 60. Ra5 Kf7 61. Kg4 Kg6 62. Ra8 Rd1 63. Kg3 Rd4 64. Ra7
e6 65. Re7 Rd6 66. Re8 Kf7 67. Ra8 f5 68. exf5 exf5 69. Rb8 Kg6 70. Rg8+ Kh5
71. Rh8+ Rh6 72. Ra8 f4+ 73. Kg2 Rh7 74. Rb8 Rc7 75. Rb2 g4 76. fxg4+ Kxg4 77.
Ra2 Rc3 78. Rb2 Rg3+ 79. Kf2 Rh3 80. Rb8 Rh2+ 81. Kg1 Re2 82. Kf1 Kf3 83. Rb3+
Re3 84. Rb2 Rc3 85. Rf2+ Kg4 86. Rg2+ Rg3 87. Ra2 Rf3+ 88. Kg1 Rd3 89. Kf2 Rf3+
90. Kg1 Rh3 91. Ra8 Rc3 92. Kf2 Rc2+ 93. Kf1 Kg3 94. Ke1 Rh2 95. Rf8 Kf3 96.
Rf7 Rh1+ 97. Kd2 Rf1 98. Rf8 Ra1 99. Rf7 Ra4 100. Ke1 Ra1+ 101. Kd2 Kg3 102.
Rg7+ Kf2 103. Rf7 f3 104. Rg7 Ra5 105. Rd7 Re5 106. Rd8 Kf1 107. Rd7 Kf2 108.
Rd8 Rg5 109. Rd7 Kg2 110. Ke3 f2 111. Rd2 Re5+ 112. Kf4 Re8 0-1

[Event "Klub Kölner SF 1 - SK Turm Emsdetten 2"]
[Site "Oberliga NRW 2013/2014"]
[Date "2014.03.09"]
[Round "7.1"]
[White "Kabatianski, Alexander"]
[Black "Morawietz, Dieter"]
[Result "1/2-1/2"]
[WhiteElo "2422"]
[BlackElo "2300"]
[PlyCount "124"]
[EventDate "2014.??.??"]
[WhiteTeam "SK Turm Emsdetten 2"]
[BlackTeam "Klub Kölner SF 1"]

1. d4 Nf6 2. g3 g6 3. c4 Bg7 4. Bg2 d5 5. Nf3 dxc4 6. Na3 c3 7. bxc3 O-O 8. O-O
c5 9. Qb3 Nc6 10. Rd1 Na5 11. Qb2 Qb6 12. Ne5 Be6 13. Nd3 Qxb2 14. Bxb2 cxd4
15. cxd4 Bd5 16. Nb4 Bxg2 17. Kxg2 Rac8 18. Rac1 Rfd8 19. Kf3 Ne8 20. e3 e6 21.
Rxc8 Rxc8 22. Rc1 Rxc1 23. Bxc1 Nd6 24. Ke2 f5 25. Kd3 Kf7 26. f3 e5 27. dxe5
Bxe5 28. Bd2 Ke6 29. Na6 Nc6 30. Nc7+ Kd7 31. Nd5 b5 32. Nb4 Nd8 33. Na6 Kc6
34. e4 fxe4+ 35. fxe4 Ne6 36. Be3 Bb2 37. Nc2 Nc4 38. Bxa7 Ne5+ 39. Ke2 Ng5 40.
Nab4+ Kb7 41. Bd4 Bxd4 42. Nxd4 Nxe4 43. Nxb5 Kb6 44. a4 Ka5 45. Nd3 Ng4 46.
Kf3 Ngf6 47. Kf4 Kxa4 48. Nd4 Nd2 49. g4 h6 50. Nf3 g5+ 51. Nxg5 hxg5+ 52. Kxg5
Nd5 53. Kf5 Nf3 54. h3 Nh4+ 55. Kg5 Nf3+ 56. Kh6 Kb5 57. g5 Kc4 58. Nf2 Kd4 59.
g6 Ne7 60. Ng4 Ke4 61. Kg7 Kf4 62. Kf6 Nxg6 1/2-1/2

[Event "Klub Kölner SF 1 - SK Turm Emsdetten 2"]
[Site "Oberliga NRW 2013/2014"]
[Date "2014.03.09"]
[Round "7.2"]
[White "Helbig, Mark"]
[Black "Fiebig, Thomas"]
[Result "1/2-1/2"]
[WhiteElo "2237"]
[BlackElo "2379"]
[PlyCount "65"]
[EventDate "2014.??.??"]
[WhiteTeam "Klub Kölner SF 1"]
[BlackTeam "SK Turm Emsdetten 2"]

1. d4 d5 2. c4 e6 3. Nc3 c5 4. cxd5 exd5 5. Nf3 Nc6 6. g3 Nf6 7. Bg5 Be6 8. Bg2
c4 9. O-O Be7 10. Ne5 O-O 11. Nxc6 bxc6 12. b3 Rc8 13. e3 h6 14. Bxf6 Bxf6 15.
bxc4 dxc4 16. Ne4 Be7 17. Qa4 c5 18. d5 Bxd5 19. Rad1 Bc6 20. Qxc4 Qa5 21. Rb1
Rfd8 22. Nc3 Bf6 23. Nd5 Qa4 24. Rfc1 Qxc4 25. Nxf6+ gxf6 26. Rxc4 Bd7 27. Rbc1
Be6 28. R4c2 Rd3 29. Be4 Ra3 30. Rxc5 Rxc5 31. Rxc5 Rxa2 32. Bd5 Bxd5 33. Rxd5
1/2-1/2

[Event "Klub Kölner SF 1 - SK Turm Emsdetten 2"]
[Site "Oberliga NRW 2013/2014"]
[Date "2014.03.09"]
[Round "7.3"]
[White "Richter, Christian"]
[Black "Heppekausen, Jochen"]
[Result "1-0"]
[WhiteElo "2322"]
[BlackElo "2160"]
[PlyCount "71"]
[EventDate "2014.??.??"]
[WhiteTeam "SK Turm Emsdetten 2"]
[BlackTeam "Klub Kölner SF 1"]

1. d4 d5 2. c4 e6 3. Nf3 c5 4. cxd5 exd5 5. g3 Nc6 6. Bg2 Nf6 7. O-O Be7 8. Nc3
O-O 9. Bg5 c4 10. Ne5 Be6 11. f4 Ng4 12. Nxg4 Bxg4 13. Bxd5 Bxg5 14. fxg5 Qxg5
15. Rf4 Be6 16. Bg2 Rad8 17. Kh1 h6 18. Qg1 Nb4 19. Bxb7 Rfe8 20. Raf1 Nd5 21.
Bxd5 Bxd5+ 22. e4 Ba8 23. d5 Re7 24. Qc5 Rb7 25. R1f2 g6 26. Qxc4 Qe5 27. Rd2
a5 28. Kg1 Rb4 29. Qc5 f5 30. Qxa5 Rdb8 31. Qa6 R4b6 32. Qe2 fxe4 33. Rxe4 Qd6
34. Re8+ Kf7 35. Re6 Qc5+ 36. Qf2+ 1-0

[Event "Klub Kölner SF 1 - SK Turm Emsdetten 2"]
[Site "Oberliga NRW 2013/2014"]
[Date "2014.03.09"]
[Round "7.4"]
[White "Bonnmann, Reinhard"]
[Black "Bosman, Michiel"]
[Result "0-1"]
[WhiteElo "2189"]
[BlackElo "2292"]
[PlyCount "74"]
[EventDate "2014.??.??"]
[WhiteTeam "Klub Kölner SF 1"]
[BlackTeam "SK Turm Emsdetten 2"]

1. d4 e6 2. Nf3 c5 3. c4 cxd4 4. Nxd4 Nc6 5. Nc3 Nf6 6. g3 d6 7. Bg2 Bd7 8. O-O
a6 9. Bg5 Qb6 10. Bxf6 gxf6 11. Nxc6 Bxc6 12. Ne4 Bxe4 13. Bxe4 f5 14. Qa4+ Ke7
15. Bg2 Bg7 16. Rad1 Rhd8 17. Rd3 Qc7 18. Rfd1 Rab8 19. b3 Qc5 20. Rc1 a5 21.
a3 b6 22. b4 axb4 23. axb4 Qc7 24. Qb5 d5 25. Rd2 Rd6 26. Rcd1 d4 27. e3 Rc8
28. exd4 Qxc4 29. Qa4 Rc7 30. d5 Bc3 31. Rc2 exd5 32. Bxd5 Rxd5 33. Rdc1 Rd3
34. Qa3 Qd4 35. Re1+ Kf6 36. Qc1 Bd2 37. Rc6+ Kg7 0-1

[Event "Klub Kölner SF 1 - SK Turm Emsdetten 2"]
[Site "Oberliga NRW 2013/2014"]
[Date "2014.03.09"]
[Round "7.5"]
[White "Van Foreest, Jorden"]
[Black "Wisskirchen, Andreas"]
[Result "1-0"]
[WhiteElo "2349"]
[BlackElo "2187"]
[PlyCount "55"]
[EventDate "2014.??.??"]
[WhiteTeam "SK Turm Emsdetten 2"]
[BlackTeam "Klub Kölner SF 1"]

1. e4 c5 2. Nf3 d6 3. d4 cxd4 4. Nxd4 Nf6 5. Nc3 g6 6. Be3 Bg7 7. f3 O-O 8. Qd2
Nc6 9. g4 Nxd4 10. Bxd4 Be6 11. O-O-O Qa5 12. a3 Rfc8 13. h4 Bc4 14. Bxc4 Rxc4
15. Bxf6 exf6 16. Nd5 Qd8 17. h5 Rac8 18. c3 b5 19. hxg6 hxg6 20. Rh3 f5 21.
gxf5 Rd4 22. Qg2 Rxd5 23. Rxd5 Qf6 24. fxg6 fxg6 25. Qd2 Qe6 26. Rg3 Be5 27. f4
Bg7 28. Rxd6 1-0

[Event "Klub Kölner SF 1 - SK Turm Emsdetten 2"]
[Site "Oberliga NRW 2013/2014"]
[Date "2014.03.09"]
[Round "7.6"]
[White "Meertens, Martin"]
[Black "Lambrechts, Koen"]
[Result "1/2-1/2"]
[WhiteElo "2133"]
[BlackElo "2267"]
[PlyCount "44"]
[EventDate "2014.??.??"]
[WhiteTeam "Klub Kölner SF 1"]
[BlackTeam "SK Turm Emsdetten 2"]

1. e4 c6 2. d4 d5 3. e5 Bf5 4. Nf3 e6 5. Be2 c5 6. Be3 Qb6 7. Nc3 Nc6 8. O-O
Qxb2 9. Qe1 cxd4 10. Bxd4 Bb4 11. Rb1 Nxd4 12. Nxd4 Bxc3 13. Rxb2 Bxe1 14. Rxe1
b6 15. Bb5+ Kf8 16. Ba6 Ne7 17. Rb3 g5 18. Rc3 Kg7 19. Rc7 Rhe8 20. Bb5 Rac8
21. Rxa7 Ra8 22. Rb7 Rab8 1/2-1/2

[Event "Klub Kölner SF 1 - SK Turm Emsdetten 2"]
[Site "Oberliga NRW 2013/2014"]
[Date "2014.03.09"]
[Round "7.7"]
[White "Rietman, Frits"]
[Black "Ludwig, Peter"]
[Result "1-0"]
[WhiteElo "2259"]
[BlackElo "2164"]
[PlyCount "73"]
[EventDate "2014.??.??"]
[WhiteTeam "SK Turm Emsdetten 2"]
[BlackTeam "Klub Kölner SF 1"]

1. e4 e6 2. d4 d5 3. Nd2 c5 4. exd5 Qxd5 5. dxc5 Bxc5 6. Ngf3 Nf6 7. Bd3 Nc6 8.
O-O O-O 9. Qe2 Nb4 10. Bc4 Qc6 11. Bb3 b5 12. Ne5 Qc7 13. Ndf3 a5 14. a4 bxa4
15. Rxa4 Ba6 16. Bc4 Rfc8 17. Bxa6 Nxa6 18. Ng5 Rf8 19. Ng4 Be7 20. Qd3 Rfd8
21. Nxf6+ Bxf6 22. Qxh7+ Kf8 23. Qh8+ Ke7 24. Qh5 g6 25. Qf3 Nb4 26. Ne4 Qe5
27. Nxf6 Qxf6 28. Qb7+ Kf8 29. Rxa5 Rab8 30. Qc7 Rbc8 31. Qg3 Rd7 32. c3 Nd5
33. Bg5 Qf5 34. Qh4 f6 35. Qh8+ Ke7 36. Qxc8 Qxg5 37. c4 1-0

[Event "Klub Kölner SF 1 - SK Turm Emsdetten 2"]
[Site "Oberliga NRW 2013/2014"]
[Date "2014.03.09"]
[Round "7.8"]
[White "Krauth, Alexander"]
[Black "Topp, Michael"]
[Result "1-0"]
[WhiteElo "2028"]
[BlackElo "1978"]
[PlyCount "75"]
[EventDate "2014.??.??"]
[WhiteTeam "Klub Kölner SF 1"]
[BlackTeam "SK Turm Emsdetten 2"]

1. d4 Nf6 2. Nf3 g6 3. Bf4 Bg7 4. e3 O-O 5. Be2 d6 6. h3 c5 7. c3 Qb6 8. Qc1
cxd4 9. exd4 Nc6 10. Na3 Re8 11. O-O e5 12. dxe5 dxe5 13. Be3 Qc7 14. Rd1 Be6
15. Nb5 Qb8 16. Ng5 a6 17. Nd6 Re7 18. Bc5 Bd5 19. Rxd5 Nxd5 20. Bc4 Nf4 21.
Ndxf7 b5 22. Qf1 bxc4 23. Qxc4 Rxf7 24. Nxf7 h6 25. Nxe5+ Kh7 26. Nxc6 Qc7 27.
Be3 Nh5 28. Qa4 Qd7 29. Rd1 Qe8 30. b3 Rc8 31. Nd4 Qe4 32. Qa5 Rf8 33. Qc7 Kh8
34. Qd7 Be5 35. Ne6 Rf5 36. Qe8+ Kh7 37. Qe7+ Kh8 38. Rd8+ 1-0

[Event "SV Castrop-Rauxel 1 - SG Porz 2"]
[Site "Oberliga NRW 2013/2014"]
[Date "2014.03.09"]
[Round "7.1"]
[White "Miedema, David"]
[Black "Van Eijk, Sander"]
[Result "0-1"]
[WhiteElo "2402"]
[BlackElo "2364"]
[PlyCount "64"]
[EventDate "2014.??.??"]
[WhiteTeam "SG Porz 2"]
[BlackTeam "SV Castrop-Rauxel 1"]

1. d4 Nf6 2. c4 d6 3. Nc3 Bf5 4. Nf3 h6 5. g3 Qc8 6. h3 Nbd7 7. Bg2 e5 8. O-O
Be7 9. Kh2 O-O 10. c5 e4 11. cxd6 Bxd6 12. Nd2 Re8 13. Nc4 Bf8 14. Bf4 Nb6 15.
Nxb6 axb6 16. Rc1 Ra5 17. g4 Bxg4 18. hxg4 Qxg4 19. e3 Qh4+ 20. Kg1 Bd6 21.
Bxd6 cxd6 22. f3 Rh5 23. Nxe4 Rxe4 24. fxe4 Qh2+ 25. Kf2 Nxe4+ 26. Kf3 d5 27.
Rg1 Rf5+ 28. Ke2 Rf2+ 29. Kd3 Qxg1 30. Bxe4 dxe4+ 31. Kc3 Qg5 32. Kb3 Qb5+ 0-1

[Event "SV Castrop-Rauxel 1 - SG Porz 2"]
[Site "Oberliga NRW 2013/2014"]
[Date "2014.03.09"]
[Round "7.2"]
[White "Kartsev, Alexandr"]
[Black "Korotkjevich, Stanislav"]
[Result "1/2-1/2"]
[WhiteElo "2189"]
[BlackElo "2354"]
[Annotator "Doe,John"]
[PlyCount "143"]
[EventDate "2014.??.??"]
[WhiteTeam "SV Castrop-Rauxel 1"]
[BlackTeam "SG Porz 2"]

1. e4 g6 2. d4 Bg7 3. Nc3 c6 4. Bc4 b5 5. Bb3 d6 6. Qf3 e6 7. d5 b4 8. Nd1 Nf6
9. Bg5 h6 10. Bh4 cxd5 11. exd5 e5 12. Ne2 O-O 13. a3 bxa3 14. Rxa3 g5 15. Bg3
Nfd7 16. h4 f5 17. hxg5 hxg5 18. Qh5 Qf6 19. f3 Rf7 20. Bf2 Nf8 21. c4 Bh8 22.
Qh2 Na6 23. Bc2 Nb4 24. Bb1 a5 25. Ng3 Rh7 26. Nh5 Qf7 27. g4 Ng6 28. Qg2 Nf4
29. Nxf4 Rxh1+ 30. Qxh1 exf4 31. Qh6 Qe7+ 32. Kf1 fxg4 33. Qg6+ Kf8 34. Nc3 g3
35. Ne4 Bh3+ 36. Kg1 gxf2+ 37. Kxf2 Bd4+ 38. Ke2 Bd7 39. Kd1 Bxb2 40. Nxg5 Qg7
41. Qxd6+ Kg8 42. Bh7+ Kh8 43. Qxf4 Qd4+ 44. Qxd4+ Bxd4 45. f4 a4 46. Bb1 Bg4+
47. Kd2 Re8 48. Be4 Na6 49. Rg3 Rxe4 50. Nxe4 Bf5 51. Nd6 Bd7 52. Nb5 Bb2 53.
Kc2 Bf6 54. Nc3 Nc5 55. Nb5 Bf5+ 56. Kd1 Bd3 57. Na3 $11 Be7 58. Rh3+ Kg7 59.
Kc1 Bd6 60. Rg3+ Kf6 61. Kb2 Be2 62. Rg8 Nd3+ 63. Ka2 Kf7 64. Ra8 Bd1 65. Nb5
Bb3+ 66. Kb1 Bxf4 67. d6 Nc5 68. Ra7+ Ke6 69. d7 Nxd7 70. Nd4+ Kd6 71. Nxb3
axb3 72. Rxd7+ 1/2-1/2

[Event "SV Castrop-Rauxel 1 - SG Porz 2"]
[Site "Oberliga NRW 2013/2014"]
[Date "2014.03.09"]
[Round "7.3"]
[White "Malykin, Vitaly"]
[Black "Sokalsky, Alexander"]
[Result "1-0"]
[WhiteElo "2321"]
[BlackElo "2221"]
[PlyCount "75"]
[EventDate "2014.??.??"]
[WhiteTeam "SG Porz 2"]
[BlackTeam "SV Castrop-Rauxel 1"]

1. Nf3 Nf6 2. c4 e6 3. Nc3 d5 4. d4 Be7 5. Qc2 c6 6. Bg5 Nbd7 7. e3 b6 8. Rd1
Bb7 9. Bd3 h6 10. Bh4 O-O 11. O-O Rc8 12. Bg3 a6 13. a4 dxc4 14. Bxc4 b5 15.
Ba2 b4 16. Ne4 Nxe4 17. Qxe4 Nf6 18. Qd3 Qb6 19. e4 a5 20. Rfe1 Rfd8 21. Bh4 b3
22. Bxb3 Ba6 23. Bc4 Bxc4 24. Qxc4 g5 25. Bg3 Bf8 26. Re2 Bg7 27. h3 Nh5 28.
Be5 Bxe5 29. Nxe5 Nf4 30. Red2 Rc7 31. Qc5 Qa6 32. d5 exd5 33. exd5 Re8 34. d6
Ne6 35. Qc3 Rb7 36. d7 Rd8 37. Nxc6 Rc7 38. Nxd8 1-0

[Event "SV Castrop-Rauxel 1 - SG Porz 2"]
[Site "Oberliga NRW 2013/2014"]
[Date "2014.03.09"]
[Round "7.4"]
[White "Kartsev, Soel"]
[Black "Gallinnis, Norbert"]
[Result "1-0"]
[WhiteElo "2223"]
[BlackElo "2268"]
[PlyCount "67"]
[EventDate "2014.??.??"]
[WhiteTeam "SV Castrop-Rauxel 1"]
[BlackTeam "SG Porz 2"]

1. e4 c5 2. c3 Qa5 3. Nf3 d6 4. Be2 Nf6 5. e5 dxe5 6. Nxe5 Nbd7 7. Nc4 Qc7 8.
O-O g6 9. d4 cxd4 10. Qxd4 Bg7 11. Nba3 a6 12. Bf4 Qd8 13. Rad1 O-O 14. Bf3 Nh5
15. Be5 f6 16. Qd5+ Kh8 17. Bxh5 gxh5 18. Bg3 Qe8 19. Rfe1 Qf7 20. Qf3 Bh6 21.
b3 Ra7 22. Nc2 b5 23. Na5 e5 24. Nb4 Nb8 25. h3 Qc7 26. Nd5 Qxa5 27. Rxe5 f5
28. Qxh5 Bg7 29. Re8 Nd7 30. Qf7 Qa3 31. Ne7 Rxe8 32. Qxe8+ Nf8 33. Nxc8 Ra8
34. Bd6 1-0

[Event "SV Castrop-Rauxel 1 - SG Porz 2"]
[Site "Oberliga NRW 2013/2014"]
[Date "2014.03.09"]
[Round "7.5"]
[White "Peschlow, Patrick"]
[Black "Kusnetsov, Mark"]
[Result "1-0"]
[WhiteElo "2306"]
[BlackElo "2175"]
[Annotator "Doe,John"]
[PlyCount "63"]
[EventDate "2014.??.??"]
[WhiteTeam "SG Porz 2"]
[BlackTeam "SV Castrop-Rauxel 1"]

1. e4 e5 2. Nf3 Nf6 3. Nxe5 d6 4. Nf3 Nxe4 5. d4 d5 6. Bd3 Bd6 7. O-O O-O 8. c4
c6 9. cxd5 cxd5 10. Nc3 Nxc3 11. bxc3 Nd7 12. Re1 Qc7 13. Qc2 h6 14. h3 Nb6 15.
Ne5 Nc4 16. Nxc4 dxc4 17. Be4 Bd7 $11 18. Rb1 Rab8 19. Qe2 Rfe8 20. Qh5 Bc6 21.
d5 Re5 22. Qd1 Bd7 23. Bf3 b5 24. Be3 b4 25. Bd4 Rxe1+ 26. Qxe1 Bf5 27. Rxb4
Bxb4 28. cxb4 a5 29. a3 axb4 30. axb4 Qf4 31. Qc3 Be4 32. Be5 1-0

[Event "SV Castrop-Rauxel 1 - SG Porz 2"]
[Site "Oberliga NRW 2013/2014"]
[Date "2014.03.09"]
[Round "7.6"]
[White "Werrn, Pascal"]
[Black "Xu, Xianliang"]
[Result "0-1"]
[WhiteElo "2039"]
[BlackElo "2105"]
[PlyCount "52"]
[EventDate "2014.??.??"]
[WhiteTeam "SV Castrop-Rauxel 1"]
[BlackTeam "SG Porz 2"]

1. d4 d5 2. Nf3 Nc6 3. Bf4 Bg4 4. e3 e6 5. Nbd2 Bd6 6. Bg3 Nf6 7. Be2 O-O 8.
O-O Bxg3 9. hxg3 Ne4 10. c4 f5 11. cxd5 exd5 12. Rc1 Qd6 13. a3 Rae8 14. b4 a6
15. Qc2 Re6 16. Nb3 Rh6 17. Nc5 Qe7 18. Nxb7 Qe8 19. Nh4 g5 20. f3 Nxg3 21. Kf2
Nxf1 22. Rxf1 gxh4 23. fxg4 fxg4+ 24. Ke1 Rxf1+ 25. Kxf1 Rf6+ 26. Ke1 Qxe3 0-1